| 000 | 00000nas 2200000za 4500 |
| 001 | 9.822957 |
| 003 | CaOODSP |
| 005 | 20221107143806 |
| 007 | cr ||||||||||| |
| 008 | 160819d19491969oncar p oss f0###a0eng|d |
| 040 | |aCaOODSP|beng |
| 041 | |aeng|afre |
| 043 | |an-cn--- |
| 086 | 1 |aCS26-207-PDF |
| 245 | 00|aContract drilling in the mining industry |h[electronic resource] / |cprepared in the Mining, Metallurgical and Chemical Section, Industry and Merchandising Division, Dominion Bureau of Statistics. |
| 246 | 13|aContract drilling for the mining industry|f1962-1969 |
| 246 | 13|aForage à forfait pour l'extraction minière|f1968-1969 |
| 260 | |aOttawa : |bDominion Bureau of Statistics, |c[1950]-1972. |
| 310 | |aAnnual |
| 362 | 0 |a1949-1969. |
| 500 | |aDigitized edition from print [produced by Statistics Canada]. |
| 500 | |a"Vol. 1--Part 1--U-1." |
| 500 | |a"C.T.I. 096, 098." |
| 546 | |aText in English only, 1949-1967; text in English and French, 1968-1969. |
| 550 | |aIssued 1953-1956 by Mineral Statistics Section; 1957-1961 by Industry and Merchandising Division; 1962-1963 by Industry Division; 1964-1969 by Manufacturing and Primary Industries Division. |
| 580 | |aContinues: Contract drilling in the Canadian mining industry in ... |
| 580 | |aContinued by: Contract drilling for petroleum and other contract drilling = Forage de puits de pétrole à forfeit et autre forage à forfeit. |
| 692 | 07|2gccst|aMining industry |
| 692 | 07|2gccst|aDrilling |
| 710 | 1 |aCanada. |bDominion Bureau of Statistics.|bMineral Statistics Section. |
| 710 | 1 |aCanada. |bDominion Bureau of Statistics. |bIndustry and Merchandising Division. |
| 710 | 1 |aCanada. |bDominion Bureau of Statistics. |bMining, Metallurgical and Chemical Section. |
| 710 | 1 |aCanada. |bDominion Bureau of Statistics. |bIndustry Division. |
| 710 | 1 |aCanada. |bDominion Bureau of Statistics. |bManufacturing and Primary Industries Division. |
| 780 | 00|tContract drilling in the Canadian mining industry in ... |w(CaOODSP)9.822956 |
| 785 | 00|tContract drilling for petroleum and other contract drilling |w(CaOODSP)9.858969 |
| 792 | |tContract drilling in the mining industry |efre|w(CaOODSP)9.822958 |